[Event "World Women-ch k.o."]
[Site "Antakya"]
[Date "2010.12.10"]
[Round "3.1"]
[White "Zatonskih, Anna"]
[Black "Koneru, Humpy"]
[Result "0-1"]
[WhiteElo "2478"]
[BlackElo "2600"]
[Annotator "Marin,M"]
[PlyCount "90"]
[EventDate "2010.12.04"]
[EventType "k.o."]
[EventRounds "6"]
[EventCountry "TUR"]
[SourceTitle "CBM 140"]
[Source "ChessBase"]
[SourceDate "2011.01.18"]
[SourceVersion "1"]
[SourceVersionDate "2011.01.18"]
[SourceQuality "1"]

1. d4 d5 2. c4 e6 3. Nf3 Nf6 4. g3 dxc4 5. Bg2 a6 6. Ne5 Bb4+ 7. Nc3 Nd5 8. O-O
O-O 9. Qc2 b5 10. Be4 (10. Nxd5 exd5 11. b3 c6 12. e4 f6 13. exd5 fxe5 14. bxc4
{Kramnik,V (2769)-Morozevich,A (2758)/Mexico City 2007/CBM 120/[Marin,M] (1-0,
27)}) 10... Bb7 11. Bxh7+ $146 (11. Nxd5 Bxd5 12. Bxh7+ {Gelfand,B (2755)
-Morozevich,A (2751)/Biel 2009/CBM 132/[Marin,M] (0-1, 48)}) 11... Kh8 12. Be4
{In the notes to the latter game, I mentioned this line as a reasonable
alternative, without any further comment.} Bd6 13. b3 cxb3 14. axb3 Bxe5 15.
dxe5 Nc6 16. Nxd5 {A premature release of the tension in the centre.} (16. Rd1
Nxe5 (16... Ncb4 17. Qb2 $14) 17. Bb2 $14 {[%cal Ga1c1] White's active pieces 
(especially his bishops), Black's queenside weaknesses and the vulnerability
of his king outweigh the missing white pawn.}) 16... exd5 17. Bg2 Nxe5 18. Ba3
Re8 19. Rfd1 c6 20. e4 {White has obvious compensation for the pawn, but
Black's position is hard to crack. In certain situations, Black is ready to
return the pawn for the sake of exchanging the light-squared bishops and then
the white king could remain exposed.} Kg8 21. Rac1 Rc8 22. Bc5 Nd7 23. Bh3 Ra8
24. Ba3 Nf6 {Forcing White to clear up matters in the centre.} 25. exd5 cxd5
26. Bb2 Ne4 27. Bd4 Ng5 28. Bg2 Rc8 29. Qb2 Rxc1 30. Qxc1 Ne6 $15 {Black has
regrouped properly and retained the extra pawn along the way.} 31. Qd2 Nxd4 32.
Qxd4 Qd7 33. h4 a5 34. Bf1 a4 35. bxa4 bxa4 36. Qc5 Rc8 37. Qd4 a3 38. Ra1 Ra8
39. h5 Qa4 40. Qb6 Qc6 41. Qd4 Ra4 42. Qe5 Re4 43. Qg5 d4 44. Rxa3 Re1 45. f3
Qc4 0-1

[Event "EU-ch 9th"]
[Site "Plovdiv"]
[Date "2008.04.22"]
[Round "2"]
[White "Marin, Mihail"]
[Black "Tregubov, Pavel V"]
[Result "0-1"]
[WhiteElo "2556"]
[BlackElo "2629"]
[Annotator "Marin,M"]
[PlyCount "176"]
[EventDate "2008.04.21"]
[EventType "swiss"]
[EventRounds "11"]
[EventCountry "BUL"]
[SourceTitle "CBM 124"]
[Source "ChessBase"]
[SourceDate "2008.05.28"]
[SourceVersion "1"]
[SourceVersionDate "2008.05.28"]
[SourceQuality "1"]

1. c4 {Valentin Stoica} e6 2. g3 d5 3. Bg2 Nf6 4. d4 dxc4 5. Nf3 Nc6 6. Qa4
Bb4+ 7. Bd2 Bd6 8. Ne5 {The most ambitious, but also risky continuation.} ({
The point behind provoking the bishop to go to d2 is revealed after} 8. O-O O-O
9. Qxc4 e5 10. dxe5 Nxe5 11. Nxe5 Bxe5 {, when the immediate development of
the knight is not possible, Dizdarevic,E (2492)-Atalik,S (2583)/Zenica 2006/
CBM 115 ext/[Atalik] (1/2-1/2, 31)}) 8... Bxe5 9. Bxc6+ bxc6 10. dxe5 Qd5 11.
f3 Nd7 12. Nc3 Qc5 (12... Qxe5 13. Qxc6 Rb8 14. Bf4 Qd4 15. Qxc7 O-O 16. Rd1
Qb6 17. Qxb6 Rxb6 18. Bd6 Re8 19. Ba3 f5 20. Rd2 Nf6 21. Kf2 e5 22. Rhd1 $14 {
Ilincic,Z (2565)-Marjanovic,S (2420)/Vrnjacka Banja 1998/EXT 2002 (1-0, 38)})
13. f4 {This is what I had recommended on my Catalan CD, published several
years ago. I had done no special preparation for the present game, as my
opponent has a wide repertoire and my conscious knowledge actually stopped in
this position.} Nb6 {A rare continuation.} ({Other moves are covered in the
notes to} 13... Rb8 {Dunis,A (2485)-Schenk,A (2492)/Port Barcares 2005/CBM 107/
[Ribli] (1/2-1/2, 31)}) ({Among them,} 13... O-O {Nielsen,P-Barsov,A/Panormo
GRE 2002/(1-0, 41)}) 14. Qc2 Bb7 $146 {At the conscious level, I was not aware
of the fact that this had been recommended in the notes to a game publised on
the CD. The idea is to castle long, because on the opposite wing the king
frequently gets into trouble after Ne4-g5.} 15. a4 ({The aforementioned line
continues} 15. O-O-O O-O-O (15... O-O {Karkuth,S-Haufe,W/remoteschach.de 2002/
Corr 2004 (1-0, 41)} 16. Ne4 Qb5 17. Ng5 g6 18. h4 $36) 16. Ne4 Qe7 17. Be3 Rd5
$13 {I saw (or remembered inconsciously) this line during the game and decided
to insert the moves a4 and ...a5 first.}) 15... O-O-O $1 {But he would not
cooperate!} (15... a5 16. O-O-O O-O-O 17. Ne4 $14 {[%csl Ga5]}) 16. Ne4 Qd5 17.
Nf2 c5 18. a5 {Here I thought things over for a disproportionate amount of
time. This put me in serious time trouble for the next 22 moves.} (18. Bc3 $6
Qg2) ({I did not wish to weaken the d4-square too soon with} 18. e4 {[%csl Rd4]
[%cal Gb6d7,Gd7b8,Gb8c6] being afraid that his knight may land there at a
certain moment.}) 18... c3 $6 {Played instantly. From the practical point of
view, a correct decision, because I had no time to take the right move-by-move
decisions.} (18... Nd7 19. a6 Bc6 20. e4 Qd4 21. O-O (21. Ra3 f5 $3) 21... f5
$5 $132 {The assesment of this position may be critical for the whole
variation starting with 13...Nb6 and 14...Bb7.}) 19. Bxc3 Nc4 20. Qc1 $6 (20.
e4 Qc6 {[%cal Gb7a6]} 21. b3 Ne3 22. Qc1 Nd1 $36) (20. a6 $1 Bc6 (20... Ba8 21.
e4 Qc6 22. Qe2 $16) 21. e4 Qd7 (21... Ne3 22. Qc1 $1) 22. b3 Nb6 23. O-O $16 {
Stoica}) 20... Qd7 21. O-O (21. b3 Bxh1 22. Nxh1 Qd5 23. Nf2 Qg2 $1 $17) (21.
e4 Qb5 22. O-O h5 $13 {Stoica}) 21... Nd2 (21... Qb5 $5 22. a6 Ba8 (22... Bxa6
$2 23. b3 $18) 23. e4 h5 24. Re1 {/\Qc2} Qb3 $13 {Stoica}) 22. a6 Ba8 23. Bxd2
Qxd2 24. Qxc5 (24. e3 $5 Qb4 25. Ra3 Rd2 26. Rc3 Qxb2 27. Rxc5 Qxc1 28. Rfxc1
Rd7 29. Kf1 Rhd8 30. R1c2 f6 31. exf6 gxf6 32. Ke2 $11 {Stoica}) 24... Qxe2 25.
Ra3 (25. Rac1 $142 Rd7 26. Rc4 Bd5 (26... Qf3 $2 27. Ne4 $18) 27. Ra4 Qf3 (
27... Qxb2 $2 28. Rb4 $18) 28. Ne4 Qe2 29. Nf2 Qf3 $11 {Stoica}) 25... Qxb2 26.
Rc1 ({Only here I understood that} 26. Qxa7 {does not work because of} Qxa3 27.
Qxa8+ Kd7 28. Qb7 Qc5 $17) 26... Rd7 27. Rac3 Rhd8 28. R3c2 (28. Kf1 Qb6 29.
Qc4 Re7 $15 {/\...Rd4}) 28... Qb6 29. h4 Qxc5 30. Rxc5 Re7 31. R5c3 Rd2 $17 32.
Rb3 Bd5 33. Rb4 Ra2 34. Rcb1 Rxa6 35. Rb8+ Kd7 36. Rh8 Ra3 37. Kh2 h6 38. Rh7
f5 39. exf6 gxf6 40. Rxh6 Rg7 41. g4 Rf3 42. Rb2 Rxf4 43. h5 {In severe time
trouble, I have been doing my best to survive, but after reaching the control
my situation was far from rosy. White hardly has compensation for his lost
pawns.} f5 $2 {But now, White will suddenly obtain counterplay.} (43... a5 $142
$19 {Tregubov, Stoica}) 44. Kg3 $1 $132 Rf3+ {Black had several ways of
sacrificing the exchange for the g4-pawn, but the h-pawn would remain too
dangerous.} 45. Kh4 fxg4 46. Rg6 Rxg6 47. hxg6 Ke7 48. Nxg4 Kf8 49. Rc2 ({
White has to make the seventh rank available for his rook. During the game I
discarded} 49. Rb8+ Kg7 50. Rc8 {because of} Rc3 51. Kg5 Rc5 {(?). Under the
pressure of time and without Fritz by one's side, it is easy to miss the
saving resource} 52. Rg8+ $3 Kxg8 53. Kh6 {followed by Nf6+, when the pawn
with crown with a probable draw. However, my fears were justified because of
51...Bb7! followed by 52...Rc5+ (same idea in a better form). In this case, 52.
Rg8+ would not work because the black rook would be actively placed on the 3rd
rank..}) 49... c6 50. Rb2 c5 51. Rb5 Kg7 52. Rxc5 Rf4 (52... Rf5 53. Ne3 $11)
53. Kg3 $2 {Having reached the safety zone, I wanted to make a draw from a
position of force. I was somewhat hypnotized by the fact that my opponent, who
had had an advantage of more than half an hour for the first part of the game,
had got into severe time trouble after the control, looking for new ways to
maintain winning chances.} (53. Rc7+ $142 Kxg6 54. Rxa7 Be4 $5 (54... Bf3 55.
Kg3 $11) 55. Kg3 Rf3+ 56. Kh4 Rb3 $15 {/=}) 53... Ra4 54. Ne5 Kf6 55. Rc8 Ra1
56. Kf2 (56. Kf4 $2 Rf1+ 57. Ke3 (57. Kg3 Kxe5 $19) 57... Re1+ 58. Kd4 Re4+ 59.
Kd3 Rxe5 $19) 56... Be4 (56... Ra2+ 57. Ke3 Rg2 58. Kd4 $1 $11 {/\ Rf8+.}) 57.
Rf8+ Kxe5 58. g7 Ra2+ 59. Ke3 (59. Kf1 Bd3+ $1 60. Kg1 Bh7 61. Rh8 Bg8 62. Rxg8
Ra4 $1 $19) 59... Ra3+ 60. Kf2 Ra2+ 61. Ke3 Bh7 62. Rh8 Bg8 $1 {Played with
just seconds left on the clock.} (62... Kf6 63. Rxh7 Kf7 (63... Rg2 64. g8=Q $1
Rxg8 65. Rxa7 $11) 64. Rh6 Ra6 65. Rg6 Kg8 66. Ke4 $11) 63. Rxg8 Rg2 64. Kf3
Rg5 65. Ke3 Kf6 $19 66. Ke4 Rg4+ 67. Kf3 Rxg7 68. Rb8 Rg1 69. Ke4 Rg4+ 70. Kf3
Ra4 71. Rb5 a6 72. Rh5 Ke7 73. Ke3 Kd6 74. Kd3 e5 75. Kc3 Kd5 76. Kb3 Rd4 77.
Rh8 a5 78. Rd8+ Ke4 79. Rh8 Rd7 80. Rh1 Kf3 81. Rf1+ Ke2 82. Rf5 e4 83. Rxa5 e3
84. Kc3 Kf2 85. Rf5+ Ke1 86. Kc2 e2 87. Rf8 Rc7+ 88. Kb2 Rc5 0-1

[Event "Morelia/Linares 24th"]
[Site "Morelia/Linares"]
[Date "2007.02.18"]
[Round "2"]
[White "Aronian, Levon"]
[Black "Carlsen, Magnus"]
[Result "1/2-1/2"]
[WhiteElo "2744"]
[BlackElo "2690"]
[Annotator "Marin,M"]
[PlyCount "62"]
[EventDate "2007.02.17"]
[EventType "tourn"]
[EventRounds "14"]
[EventCountry "ESP"]
[EventCategory "20"]
[SourceTitle "CBM 117"]
[Source "ChessBase"]
[SourceDate "2007.03.30"]
[SourceVersion "1"]
[SourceVersionDate "2007.03.30"]
[SourceQuality "1"]

1. d4 Nf6 2. c4 e6 3. g3 {Such important events as the World Championship
match from Elista usually determine changes in the fashion. Aronian has
included the Catalan in his repertoire recently; in Wijk aan Zee he obtained
two important wins with it.} d5 4. Nf3 dxc4 5. Bg2 a6 6. O-O Nc6 7. e3 Bd7 8.
Qe2 b5 9. Rd1 Be7 10. Nc3 O-O {A courageous novelty. Black decides to ignore
the pin along the Catalan diagonal.} 11. Ne5 Qe8 {Black has managed to prevent
the immediate threats, but his coordination is rather poor, at least
temporarily.} 12. b3 ({White decides to undermine Black's advantage of space
on the queenside. A more natural continuation was} 12. e4 {, aiming to
continue the development, for instance} Rd8 13. Be3 Bc8 14. f4) 12... Nd5 ({
Black considered the opening of the a-file with} 12... cxb3 13. axb3 {to be
too dangerous. Instead, he prefers to return his small material advantage in
order to activate his play.}) 13. Bxd5 {Giving up the Catalan bishop in order
to install a second active knight in the centre.} exd5 14. Nxd5 Nxe5 15. dxe5
Ra7 16. bxc4 {White is a pawn up already, but the weakness of the light
squares offer Black good compensation.} c6 17. Nf4 Qc8 18. Bb2 g5 19. e4 $5 {
An interesting decision. White could not find a stable square for his knight
too easily and decides to sacrifice it in the hope of obtaining a direct
attack against the king. The plan is logical from asbtract point of view, but
probably unsound practically.} gxf4 20. gxf4 f5 21. Qe3 Rb7 22. Qg3+ Kf7 23.
Qh3 Ke8 24. Qh5+ Rf7 25. Kh1 fxe4 26. Rg1 Bf5 27. Rad1 Rd7 ({Probably missing
White's answer. After} 27... Bg6 {, the attack would have been difficult to
carry out.}) 28. e6 $1 Bxe6 29. Rg8+ Bf8 30. Rxf8+ $1 {A draw by perpetual is
inevitable now.} Kxf8 31. Qh6+ Ke7 1/2-1/2

[Event "Gibraltar Masters 15th"]
[Site "Caleta"]
[Date "2017.01.28"]
[Round "5"]
[White "Topalov, Veselin"]
[Black "Deac, Bogdan Daniel"]
[Result "1-0"]
[WhiteElo "2739"]
[BlackElo "2572"]
[Annotator "Marin,M"]
[PlyCount "49"]
[EventDate "2017.01.24"]
[EventType "swiss"]
[EventRounds "10"]
[EventCountry "GGB"]
[SourceTitle "CBM 177"]
[Source "ChessBase"]
[SourceDate "2017.03.16"]
[SourceVersion "1"]
[SourceVersionDate "2017.03.16"]
[SourceQuality "1"]

1. d4 Nf6 2. c4 e6 3. Nf3 d5 4. g3 dxc4 5. Bg2 Bd7 6. Ne5 Bc6 7. Nxc6 Nxc6 8.
e3 Qd7 9. O-O Rd8 $5 {Just as in the game against Adams from the same
tournament Romania's biggest talent shows himself aware of the latest
theretical trends. The last move increases the pressure in the centre and
removes the rook from the g2-bishop's range without exposing the king as in
the line which used to be fashionable until recently:} (9... O-O-O {e.g.
Pogonina,N (2454)-Koneru,H (2583) Tehran 2016 CBM 171 [Mikhalchishin,A] (1-0,
42). But even though the king is not under the bishop's pressure, its
situation is not entirely safe in the centre as it needs two more tempi to get
castled short.}) 10. Qe2 {As we will see the threat of retrieving the pawn was
mainly intended by Topalov as a way of inducing Black to open the centre with
the king still there and not as a direct attempt at restoring the material
equality.} ({The move best corresponding to the Catalan Gambit spirit is} 10.
Nc3 {ignoring the pawn and continuing developing. But in practice it has not
yielded anything concrete.} Be7 ({Since the pawn is not attacked} 10... Nb4 {
(Cheparinov,I (2689)-Lu,S (2627) Doha 2016 (1-0, 44)) is premature. White
could get a strong initiative in the centre with} 11. a3 Nbd5 12. Qe2 b5 13. e4
Nxc3 14. bxc3 c5 15. Rd1) 11. Qa4 (11. Qe2 {may be a more restrictive move
order with respect to our main game.}) 11... Nb4 {Now this is well timed as
the pawn was in danger.} 12. Bxb7 Qxa4 13. Nxa4 Rb8 14. Bg2 Nc2 15. Rb1 Na3 16.
Ra1 Nc2 17. Rb1 Na3 18. Ra1 Nc2 19. Rb1 {½-½ Ju,W (2580)-Harika,D (2543)
Khanty-Mansiysk 2016}) ({Other attempts at retrieving the pawn than the game
move are slightly more committal:} 10. Qa4 Nb4 ({better than} 10... e5 {
Ftacnik,L (2560)-Yermolinsky,A (2478) Tekirdag 2016 (½-½ , 59)} 11. Qb5 exd4
12. Qxb7 $14) 11. Qxd7+ Rxd7 12. Na3 c5 13. dxc5 Bxc5 14. Nxc4 {White cannot
take advantage of his bishop pair due to his incomplete development.} Nd3 ({
Black should not fool around with time as this would allow to White catch up
in deevlopment and retain the better chances due to his bishops.} 14... O-O 15.
Ne5 Rc7 16. a3 Nbd5 {Csonka,B (2398)-Kozak,A (2365) Hungary 2016 (½-½, 23)}
17. Bd2 $5 $14) 15. b3 O-O 16. Ba3 Bxa3 17. Nxa3 Rfd8 $11 {/=/+ Bai,J (2537)
-Bu,X (2715) Shenzhen 2016 (0-1, 48)}) (10. Nd2 {is not too annoying since the
knight moves far from the d5-square.} b5 11. Nf3 Be7 12. Qe2 a6 13. Bd2 Nd5 {
Saduakassova,D (2428)-Ju,W (2579) Doha 2016 (0-1, 48) Black is perfectly
regrouped and White's compensation is rather abstract,}) 10... e5 ({Obviously
the only answer as} 10... b5 11. a4 a6 12. axb5 axb5 13. b3 {leads to
queenside disaster.}) 11. Nc3 {Now that the centre is likely to open, the
knight should take the e4- and d5-squares under control.} ({White's advantage
is purely symbolic after} 11. Qxc4 exd4 12. Qb5 Rb8 13. Rd1 a6 14. Qc4 (14. Qf1
Bd6 15. exd4 O-O {Tomashevsky,E (2722)-Bu,X (2698) Novi Sad 2016 (½-½, 76)})
14... Bd6 15. exd4 O-O 16. Nc3 h6 17. Nd5 Nxd5 18. Qxd5 Rfe8 19. Be3 Ne7 {
Andreikin,D (2736)-Lu,S (2619) China 2016 (½-½, 34)}) 11... Be7 {The most
logical move as it is best to defend the e-file and keep the d-file clear.} (
11... Bd6 12. Qxc4 exd4 13. exd4 O-O 14. Rd1 h6 15. Be3 $14 {Shankland,S (2674)
-Libiszewski,F (2545) Caleta 2017 (½-½, 40) is an improved version over the
same structure in the lines above.}) (11... exd4 {opens the d-file too quickly:
} 12. exd4+ Be7 13. d5 Nb4 14. Bg5 $14 {Kraemer,M (2570)-Luther,T (2541)
Austria 2016 (½-½, 42)}) 12. dxe5 $146 {Topalov gives up the tension in
order to open the centre and avoid any pawn weaknesses.} (12. d5 Nb4 13. e4 {
Dziuba,M (2554)-Wang,H (2701) Czech Republic 2017 (0-1, 59)} Nd3) (12. Rd1 exd4
13. Qxc4 O-O {Iturrizaga Bonelli,E (2652)-Moskalenko,A (2488) Moscow 2017 (1-0,
37)}) 12... Nxe5 13. Bxb7 Bb4 ({Deac must have analyzed this position at home
as this not a very natural move, wasting a tempo with the king uncastled, is
indeed the engines' favourite. Black prevents b2-b3 as after} 13... O-O 14. b3
c6 15. Ba6 Qd3 16. Qxd3 cxd3 17. Bb2 {White retains the more flexible
structure and chances for a small but lasting advantage.}) 14. Rd1 Nd3 {
This strong knight offers Black entirely adequate play despite White's mobile
centre and bishop pair.} 15. e4 Bxc3 ({This is the second idea behind ..Bb4.
Black exchanges the knight which threatened to move ahead, for instance} 15...
O-O 16. Nd5 {with some initiative.}) 16. bxc3 Qb5 {Without being a mistake,
this starts looking a bit like playing with fire.} ({Black should castle while
this is still possible:} 16... O-O 17. Bg5 Qe6) 17. e5 Nd5 {Probably
overlooking White's answer. Did Deac really believe he had tricked a former
World champion into forcing Bxd5?!} (17... Qxe5 $2 18. Qxe5+ Nxe5 19. Re1 Nfd7
20. f4 $18) ({Once again castling is safest:} 17... O-O $1 18. exf6 Qxb7 19.
fxg7 Rfe8 $1 (19... Kxg7 20. Qh5 Qc6 21. Be3 a6 22. Rd2 $36 {[%cal Gd2e2,Ge3d4]
}) 20. Be3 (20. Qh5 $2 Ne1 $19) 20... Qe4 $15 {with black domination.}) 18. Rb1
$1 Nxc3 $2 ({The trick is that} 18... Qxb1 $2 {loses the queen:} 19. Bc6+ Kf8
20. Ba3+) ({But with his king in the centre Black should not have embarked on
forced play. Instead he should have limited the damage with} 18... Qc5 19. Qf3
O-O 20. Bxd5 Qxd5 21. Qxd5 Rxd5 22. Rb7 $14) 19. Qf3 Qxe5 (19... Qc5 $2 20.
Bc6+ Kf8 21. e6) 20. Qc6+ Kf8 $2 {Probably a fruit of miscalculation.} ({
Even in a desperate position Black should have maintained the possibility of
castling.} 20... Rd7 21. Bb2 Ne2+ 22. Kg2 Nd4 23. Bxd4 Qxd4 24. Bc8 Qxf2+ (
24... Qd5+ 25. Qxd5 Rxd5 26. Ba6 $18) 25. Kh1 O-O 26. Bxd7 Qd4 27. Rd2 Nf2+ 28.
Rxf2 Qxf2 29. Bh3 Qxa2 $16 {Mamedyarov,S (2743)-Nakamura,H (2787) Tromsoe ol 
(Men) 41st 2014 (11.1) 1-0 White still faces technical problems winning this
position. Quite probably the game will simplify to the same type of ending as
analysed in:}) 21. Bb2 Ne2+ 22. Kg2 c3 (22... Qe6 {requires a bit more
imagination from White:} 23. Qxe6 fxe6 24. Bf3 Nd4 25. Bxd4 Rxd4 26. Rb8+ Ke7
27. Rxh8 c3 28. Rxh7 c2 29. Rxg7+ Kf6 (29... Kd6 30. Rf1 Rb4 31. Be2) 30. Rxd3
c1=Q 31. Rxc7 $1 {Eliminating Black's only passed pawn.} Qxc7 32. Rxd4 $18 {
Black cannot prevent the systematic advance of White's passed pawns.}) 23. Ba3+
Kg8 24. Qe4 c2 {This must have been what Deac relied on. It seems that White
loses but there is just one move after which he wins.} 25. Rxd3 $1 {Of course.
The back rank weakness decides.} (25. Rxd3 Qxe4+ 26. Bxe4 Re8 (26... Rxd3 27.
Rb8+) 27. Re1 $18) 1-0